| 000 | 00666nam a22002057a 4500 | ||
|---|---|---|---|
| 003 | BD-DhUL | ||
| 005 | 20190327112611.0 | ||
| 008 | 190327s2003 ii ||||| |||| 00| 0 urd d | ||
| 020 | _a8176500445 | ||
| 040 |
_aBD-DhUL _cBD-DhUL |
||
| 082 |
_a891.4391 _bMAI |
||
| 100 | 1 | _aMohmood, Tariq = محمود، طریق | |
| 245 | 1 | 0 |
_aانتخاب کلام فیض احمد فیض / _cTariq Mahmood = طریق محمود _b |
| 246 | _aIntikhab-e kalām-e Faiz Ahmad Faiz | ||
| 260 |
_aنئ دھلی : _bسٹر پبلکیشنز، _c۲۰۰۳۔ |
||
| 300 |
_aص۔ ۲۴۷ ؛ _c۲۰ سم۔ |
||
| 365 |
_aIrs _b350.00 |
||
| 650 | 4 | _aUrdu poetry | |
| 942 |
_2ddc _cBK |
||
| 999 |
_c246815 _d246815 |
||